| 000 | 00501nam a22001937a 4500 | ||
|---|---|---|---|
| 003 | NUST - PNEC | ||
| 005 | 20170116181044.0 | ||
| 008 | 150921b xxu||||| |||| 00| 0 eng d | ||
| 020 | _a8131702456 | ||
| 020 | _a- | ||
| 040 | _cLIBRARY | ||
| 082 | _a670 KAL | ||
| 100 |
_911506 _aKalpakjian, Serope |
||
| 245 |
_aManufacturing processes for engineering materials _cSerope Kalpakjian |
||
| 250 | _a4th ed. | ||
| 260 | _cc.2007 | ||
| 650 |
_911507 _aManufacturing processes _xME |
||
| 942 |
_2ddc _cBK |
||
| 999 |
_c68162 _d68162 |
||